[Event "CP-2014-P-00036"]
[Site "LSS email"]
[Date "2014.09.30"]
[Round "?"]
[White "Miquel, Indalecio"]
[Black "Boettcher, Fred"]
[Result "0-1"]
[WhiteElo "1402"]
[BlackElo "2253"]
[PlyCount "52"]
[EventDate "2014.10.01"]
[EventType "tourn (corr)"]
[EventRounds "6"]
[EventCountry "GER"]
[SourceTitle "Corr 2022"]
[Source "ChessBase"]
[SourceDate "2021.10.24"]
[SourceVersion "1"]
[SourceVersionDate "2021.10.24"]
[SourceQuality "1"]

1. d4 Nf6 2. c4 e6 3. Nf3 b6 4. g3 Bb7 5. Bg2 Be7 6. 0-0 0-0 7. Nc3 Ne4 8. Qc2 Nxc3 9. Qxc3 c5 10. Rd1 d6 11. b3 Bf6 12. Bb2 Qe7 13. Qe3 Rd8 14. Rac1 Nc6 15. Bc3 a5 16. a4 Rab8 17. d5 exd5 18. Qxe7 Nxe7 19. Bxf6 gxf6 20. cxd5 Bxd5 21. Rd3 Be6 22. Nd2 d5 23. e3 Nc6 24. Rd1 Nb4 25. Rc3 d4 26. exd4 Rxd4 0-1

[Event "WC-2013-Q-00001"]
[Site "LSS email"]
[Date "2013.10.22"]
[Round "?"]
[White "Boettcher, Fred"]
[Black "Ketelhoehn, Bernd"]
[Result "1/2-1/2"]
[WhiteElo "2259"]
[BlackElo "2328"]
[PlyCount "62"]
[EventDate "2013.10.27"]
[EventType "tourn (corr)"]
[EventRounds "12"]
[EventCountry "GER"]
[SourceTitle "Corr 2022"]
[Source "ChessBase"]
[SourceDate "2021.10.24"]
[SourceVersion "1"]
[SourceVersionDate "2021.10.24"]
[SourceQuality "1"]

1. d4 d5 2. c4 c6 3. Nc3 e6 4. Nf3 dxc4 5. a4 Bb4 6. e3 b5 7. Bd2 a5 8. axb5 Bxc3 9. Bxc3 cxb5 10. b3 Bb7 11. bxc4 b4 12. Bb2 Nf6 13. Bd3 Nbd7 14. 0-0 0-0 15. Nd2 e5 16. d5 Qe7 17. Kh1 Rfd8 18. f4 exf4 19. exf4 Nc5 20. Nb3 Nxd3 21. Qxd3 a4 22. Rfe1 Qd6 23. Bxf6 Qxf6 24. Nc5 Bc6 25. Ne4 Qxf4 26. Rf1 Qh6 27. Qg3 b3 28. Rf6 b2 29. Raf1 g6 30. Rxc6 Rdb8 31. Nf6+ Kh8 1/2-1/2

[Event "WC-2013-Q-00001"]
[Site "LSS email"]
[Date "2013.10.22"]
[Round "?"]
[White "Oliveira, Diogo"]
[Black "Boettcher, Fred"]
[Result "1-0"]
[WhiteElo "2303"]
[BlackElo "2259"]
[PlyCount "93"]
[EventDate "2013.10.27"]
[EventType "tourn (corr)"]
[EventRounds "12"]
[EventCountry "GER"]
[SourceTitle "Corr 2022"]
[Source "ChessBase"]
[SourceDate "2021.10.24"]
[SourceVersion "1"]
[SourceVersionDate "2021.10.24"]
[SourceQuality "1"]

1. e4 e5 2. Nf3 Nf6 3. Nxe5 d6 4. Nf3 Nxe4 5. d4 d5 6. Bd3 Bd6 7. 0-0 0-0 8. Re1 Re8 9. c4 c6 10. Nc3 Nxc3 11. bxc3 Rxe1+ 12. Qxe1 h6 13. Qe3 Nd7 14. c5 Bf8 15. a4 b6 16. Ba3 bxc5 17. dxc5 Rb8 18. h3 Nf6 19. Qf4 Rb7 20. Re1 Re7 21. Rxe7 Qxe7 22. Qb8 Qb7 23. Qxb7 Bxb7 24. Ne5 Nh5 25. g3 g5 26. a5 Ng7 27. a6 Ba8 28. Ng4 Ne6 29. Nf6+ Kh8 30. Bf5 Nc7 31. Bc8 Bg7 32. Nd7 Bxc3 33. Bb7 Kg7 34. Nb8 Nxa6 35. Bxa6 Be5 36. Nd7 Bd4 37. Be2 Bc3 38. Bd1 d4 39. f4 f6 40. fxg5 hxg5 41. Kf2 a5 42. Ba4 Bb7 43. g4 Kf7 44. Nb8 d3 45. Bxc6 Bxc6 46. Nxc6 Bd2 47. Nd4 1-0